| 000 | 00649nam a22001937a 4500 | ||
|---|---|---|---|
| 999 |
_c174118 _d174118 |
||
| 005 | 20200317161036.0 | ||
| 010 | _aENG-128090 | ||
| 020 |
_c100.00 _a9788180642999 |
||
| 035 | _aEN-111622 | ||
| 037 | _bDBAD/PUB | ||
| 082 | _a954.0841082 | ||
| 100 | _aHossain, Anowar | ||
| 245 |
_aThe Untold Story of A Forgotten Queen in Calcutta Corporation: _cby Anowar Hossain _bBegum Sakina Sultana/ |
||
| 260 |
_aKolkata _bProgressive Publishers _c2019 |
||
| 270 |
_a37A, college Street _bKolkata _e700073 |
||
| 300 |
_a104p. _c22cm(hbk) |
||
| 500 | _aincludes bibliographical references and index | ||
| 942 |
_2ddc _cEN _h954.0841082 _mHOS |
||